6 de Febrero - Aitana - Estadísticas

Estadísticas generales
  • Esta prueba ha sido intentada 119 veces
  • La puntuación promedio es 202 de 235
Estadísticas de respuestas
Letra Respuesta % Correcto
6
100%
de
100%
De
100%
febrero
100%
Verso Un
100%
un
100%
Y
100%
a
98%
en
98%
Es
98%
no
98%
No
98%
por
98%
"te
98%
te
98%
Te
98%
amo"
97%
me
97%
que
97%
quiero
97%
el
95%
Estribillo Porque
95%
tu
95%
Tu
95%
entero
94%
está
94%
lo
94%
mas
94%
más
94%
mi
94%
94%
mundo
94%
primero
94%
yo
94%
Yo
94%
Maldito
92%
olvidaste
92%
todavía
92%
vas?
92%
vas
92%
verdadero
92%
ya
92%
Ya
92%
Ahora
90%
ahora
90%
devuélveme
90%
prometiste
89%
para
87%
Para
87%
Verso
87%
Si
87%
dos
86%
estás
84%
lejano
84%
llorar
83%
azul
81%
bailando
81%
cuarto
81%
invierno
81%
veo
79%
atrás?
78%
atrás
78%
cuando
78%
Fue
78%
fuimos
78%
partes
78%
todas
78%
vivo
78%
tiempo
76%
lastima
73%
escuchar
71%
frío
71%
voz
71%
amor
70%
da?
70%
devolver
70%
puedo
70%
sola
70%
favor
68%
Otra
68%
otra
68%
piensas
68%
olvidarte
67%
siempre
67%
hagas
65%
pido
65%
poder
65%
vez
65%
escribas
63%
estoy
63%
hago
63%
creí
62%
pienso
62%
sin
62%
mejor
60%
perdí
60%
aquí
59%
Aunque
59%
peor
59%
veces
59%
tal
57%
usaste
57%
parezca
56%
déjame
41%
Hoy
41%
¿Tú
30%
¿Qué
24%
¿qué
24%
No se encontraron pruebas coincidentes
Distribución de puntuación
Porcentaje de gente con cada puntuación
Porcentaje por número respondido
Historial de tus puntuaciones
No has intentado esta prueba.